Central Library OPAC University of Rajshahi

নজরুল-কাব্যপরিচয় / (Record no. 38424)

MARC details
000 -LEADER
fixed length control field 00986nam a22002297a 4500
001 - CONTROL NUMBER
control field 38424
003 - CONTROL NUMBER IDENTIFIER
rucl marc code BD-RjUL
005 - DATE AND TIME OF LATEST TRANSACTION
control field 20211209052808.0
008 - FIXED-LENGTH DATA ELEMENTS--GENERAL INFORMATION
fixed length control field 151130s1975 bg ||||| |||| 00| 0 ben d
035 ## - SYSTEM CONTROL NUMBER
System control number (BD-RjUL)38529
040 ## - CATALOGING SOURCE
Original cataloging agency BD-RjUL
Language of cataloging ben
Transcribing agency BD-RjUL
041 ## - LANGUAGE CODE
Language code of text/sound track or separate title ben
082 ## - DEWEY DECIMAL CLASSIFICATION NUMBER
Classification number 891.4416
Author mark and year BAN 1975
100 ## - MAIN ENTRY--PERSONAL NAME
Personal name বসু, মদুসূদন
9 (RLIN) 118686
245 ## - TITLE STATEMENT
Title নজরুল-কাব্যপরিচয় /
Statement of responsibility, etc. মদুসূদন বসু
260 ## - PUBLICATION, DISTRIBUTION, ETC. (IMPRINT)
Place of publication, distribution, etc. কলিকাতা :
Name of publisher, distributor, etc. তপনকুমার ঘোষ ,সাহিত্যশ্রী,
Date of publication, distribution, etc. ১৯৭৫
300 ## - PHYSICAL DESCRIPTION
Pagination ix, ২২৩ পৃ. ;
Size ২২ সেমি.
504 ## - BIBLIOGRAPHY, ETC. NOTE
Bibliography, etc Includes bibliographical references and index.
600 ## - SUBJECT ADDED ENTRY--PERSONAL NAME
Personal name Nazrul Islam,
Titles and other words associated with a name Kazi,
Dates associated with a name 1899-1976
General subdivision Criticism and interpretation.
Personal name নজরুল ইসলাম,
Titles and other words associated with a name কাজী,
Dates associated with a name ১৮৯৯-১৯৭৬
General subdivision ব্যাখ্যা এবং সমালোচনা
942 ## - ADDED ENTRY ELEMENTS (KOHA)
Source of classification or shelving scheme Dewey Decimal Classification
Koha item type Books
Holdings
Lost status Source of classification or shelving scheme Damaged status Not for loan Collection code Permanent Location Current Location Shelving location Date acquired Source of acquisition Cost, normal purchase price Total Checkouts Full call number Date last seen Date checked out Copy number Koha item type
  Dewey Decimal Classification     Non-fiction Central Library, University of Rajshahi Central Library, University of Rajshahi   20/11/1979 India International 15.00 1 B 891.4416 BAN 1975 06/12/2015 02/12/2015 C-8 Books
  Dewey Decimal Classification     Non-fiction Central Library, University of Rajshahi Central Library, University of Rajshahi   18/11/1978 ইন্ডিয়া ইন্টারন্যাসনাল, কলিকাতা 15.00 8 B 891.4416 BAN 1975 04/09/2022 01/09/2022 C-2 Books
  Dewey Decimal Classification   Not For Loan Non-fiction Central Library, University of Rajshahi Central Library, University of Rajshahi Reading Room 18/11/1978 ইন্ডিয়া ইন্টারন্যাসনাল, কলিকাতা 15.00   B 891.4416 BAN 1975 10/02/2016   C-1 Books